Soạn thảo hệ thống bài tập và hướng dẫn hoạt động giải bài tập chương "Từ trường" vật lý 11 theo hướng phát huy tính tích cực, tự chủ và bồi dưỡng năng lực sáng tạo của học sinh.
Cơ sở lí luận và thực tiễn của hoạt động dạy giải bài tập vật lí phổ thông. Soạn thảo hệ thống bài tập và hướng dẫn hoạt động giải bài tập vật lí chương “Từ trường” Vật lí 11- THPT.
Kaydedildi:
| Yazar: | |
|---|---|
| Diğer Yazarlar: | |
| Materyal Türü: | Kitap |
| Dil: | Vietnamese |
| Baskı/Yayın Bilgisi: |
Hà nội
Đại học Quốc gia Hà Nội - Trường ĐH Giáo dục
2011
|
| Konular: | |
| Etiketler: |
Etiketle
Etiket eklenmemiş, İlk siz ekleyin!
|
| Thư viện lưu trữ: | Mạng thư viện Đại học Đà Nẵng |
|---|
| LEADER | 01994nam a2200373 4500 | ||
|---|---|---|---|
| 001 | 000020272 | ||
| 003 | 16717 | ||
| 005 | 20150313170326.0 | ||
| 008 | 150313s2011 viesd | ||
| 041 | |a vie | ||
| 082 | 1 | 4 | |a 538.4076 |b LÊ-Đ |
| 100 | |a Lê Văn Đán | ||
| 245 | 1 | |a Soạn thảo hệ thống bài tập và hướng dẫn hoạt động giải bài tập chương "Từ trường" vật lý 11 theo hướng phát huy tính tích cực, tự chủ và bồi dưỡng năng lực sáng tạo của học sinh. |c Lê Văn Đán ; Tôn Diệu Nga hướng dẫn. |k Luận văn Thạc sĩ | |
| 260 | |a Hà nội |b Đại học Quốc gia Hà Nội - Trường ĐH Giáo dục |c 2011 | ||
| 300 | |a 145 tr., phụ lục 8 tr. |c 29 cm. | ||
| 500 | |a Luận văn thạc sĩ Khoa học. Chuyên ngành: Lý luận và phương pháp dạy học ( bộ môn Vật Lý). Mã số: 60.14.10 | ||
| 520 | |a Cơ sở lí luận và thực tiễn của hoạt động dạy giải bài tập vật lí phổ thông. Soạn thảo hệ thống bài tập và hướng dẫn hoạt động giải bài tập vật lí chương “Từ trường” Vật lí 11- THPT. | ||
| 650 | 0 | 4 | |a Từ trường |v Luận văn tôt nghiệp |x Phướng pháp dạy học |x Hệ thống bài tập |
| 653 | |a Giáo dục THPT | ||
| 653 | |a Từ trường | ||
| 653 | |a Vật lý 11 | ||
| 653 | |a Phướng pháp dạy học môn Lý | ||
| 653 | |a Năng lực sáng tạo | ||
| 700 | 1 | |a Tôn Diệu Nga |c TS. |e Hướng dẫn | |
| OWN | |a LSP | ||
| AVA | |a UDN50 |b LSP |d 538.4076 LÊ-Đ |e available |t Error 5001 Not defined in file expand_doc_bib_avail. |f 1 |g 0 |h N |i 0 |k 1 | ||
| 999 | |a From the UDN01 | ||
| AVA | |a UDN50 |b LSP |d 538.4076 LÊ-Đ |e available |t Error 5001 Not defined in file expand_doc_bib_avail. |f 1 |g 0 |h N |i 0 |k 1 | ||
| TYP | |a Monograph | ||
| TYP | |a Printed language | ||
| 980 | |a Mạng thư viện Đại học Đà Nẵng | ||